[Event "Let's Play Chess!"]
[Site "http://www.queenalice.com/game.php?id=1111970"]
[Date "2012.10.13"]
[Round "-"]
[White "brunoadriano"]
[Black "FerreiraAzevedo"]
[Result "0-1"]
[WhiteElo "1100"]
[BlackElo "2757"]

1. e4 c5 2. Bc4 Nc6 3. a3 e6 4. Nf3 Nf6 5. d3 d5 6. exd5 exd5 7. Ba2 Qe7+ 8. Qe2
Bg4 9. Qxe7+ Bxe7 10. Nbd2 Bd6 11. O-O O-O 12. h3 Be6 13. Nh2 Nd4 14. c3 Ne2+
15. Kh1 Bf5 16. Bxd5 Nxd5 17. Nc4 Rad8 18. Nxd6 Rxd6 19. c4 Nxc1 20. Raxc1 Nf4
21. Rfd1 Nxd3 22. Rc2 Nxf2+ 23. Rxf2 Rxd1+ 24. Nf1 Bd3 0-1

[Event "Let's Play Chess!"]
[Site "http://www.queenalice.com/game.php?id=1113586"]
[Date "2012.10.18"]
[Round "-"]
[White "jhonycheck"]
[Black "brunoadriano"]
[Result "1-0"]
[WhiteElo "1682"]
[BlackElo "1355"]

1. d4 e6 2. c4 c6 3. Nf3 d5 4. g3 Nf6 5. Bg2 Bb4+ 6. Bd2 Bxd2+ 7. Nbxd2 O-O 8.
O-O h6 9. a4 Nbd7 10. a5 b6 11. axb6 Qxb6 12. Qa4 Bb7 13. c5 Qc7 14. b4 e5 15.
dxe5 Nxe5 16. Nxe5 Qxe5 17. e4 Nxe4 18. Nxe4 dxe4 19. Rfe1 f5 20. Rad1 Rfe8 21.
Rd7 Re7 22. Red1 Qe6 23. Rd8+ Kh7 24. Rxa8 Bxa8 25. Rd6 Qc8 26. Qb3 Bb7 27. Bh3
Qf8 28. Qe3 Qf7 29. Qd4 g6 30. Rd8 Re8 31. Qd7 Re7 32. Qd6 h5 33. Bf1 Qg7 34.
Bc4 Qe5 35. Qxe5 Rxe5 36. Rd7+ Kh6 37. Rxb7 e3 38. f4 e2 39. Bxe2 Rxe2 40. Rxa7
Rb2 41. Rb7 g5 42. Rb6 h4 43. Rxc6+ Kh5 44. fxg5 Kxg5 45. gxh4+ Kxh4 46. Rb6 Kg4
47. b5 Kf3 48. h4 Kg3 49. Rg6+ Kxh4 50. b6 Kh5 51. Rg2 Rb5 52. Rc2 Kg4 53. c6
Kg3 54. Rc3+ Kg4 55. c7 Rb1+ 56. Kf2 Rb2+ 57. Ke1 Rb1+ 58. Kd2 Rb2+ 59. Kc1 Rxb6
60. c8=Q Rg6 61. Qc4+ f4 62. Qc8+ Kg5 63. Rc5+ Kh4 64. Qh8+ Kg4 65. Qh5+ 1-0

[Event "Challenge"]
[Site "http://www.queenalice.com/game.php?id=1116202"]
[Date "2012.10.26"]
[Round "-"]
[White "Colincln"]
[Black "brunoadriano"]
[Result "0-1"]
[WhiteElo "1089"]
[BlackElo "1292"]

1. e4 e6 2. d4 d5 3. f3 Nf6 4. c3 c5 5. Bf4 Nc6 6. Ne2 dxe4 7. fxe4 Nxe4 8. Qd3
Nf6 9. g3 e5 10. Bxe5 Nxe5 11. dxe5 Qxd3 12. exf6 Bg4 13. Nf4 Qe4+ 14. Kf2 Qf3+
15. Kg1 Qe3+ 16. Kg2 Bf3+ 17. Kh3 Bxh1 18. Bg2 Bxg2+ 19. Nxg2 Qf2 20. Na3 Qxb2
21. Rb1 Qxa3 22. fxg7 Bxg7 23. Rxb7 Qa6 24. Rc7 Qe6+ 25. g4 Qh6+ 26. Kg3 Be5+
27. Nf4 Bxf4+ 28. Kf3 Bxc7 29. h4 Qf6+ 30. Ke4 Qf4+ 31. Kd5 O-O-O+ 32. Kxc5 Bb6+
33. Kb5 Rd5+ 34. Ka6 Qa4# 0-1

[Event "Let's Play Chess!"]
[Site "http://www.queenalice.com/game.php?id=1125456"]
[Date "2012.11.24"]
[Round "-"]
[White "brunoadriano"]
[Black "deimont"]
[Result "1-0"]
[WhiteElo "1451"]
[BlackElo "1395"]

1. e4 e5 2. Nf3 Nc6 3. Bc4 g6 4. O-O Bg7 5. Nc3 d6 6. h3 Nf6 7. d3 O-O 8. Nh2
Nd4 9. Ne2 Bd7 10. Nxd4 exd4 11. Qf3 Be6 12. Bxe6 fxe6 13. Qg3 d5 14. e5 Nh5 15.
Qg4 Qe7 16. Qxd4 Rf5 17. f4 b6 18. Nf3 Bh6 19. Nh2 Qf7 20. g4 Rxf4 21. Bxf4 Nxf4
22. Rf2 Nxh3+ 23. Kg2 Nxf2 24. Rf1 Rf8 25. Rxf2 Qxf2+ 26. Qxf2 Rxf2+ 27. Kxf2
Bf4 28. Nf3 c5 29. c3 a5 30. d4 c4 31. Ke2 Bc1 32. b3 cxb3 33. axb3 h6 34. Kd1
Bb2 35. Kc2 Ba3 36. g5 1-0

[Event "Challenge"]
[Site "http://www.queenalice.com/game.php?id=1125497"]
[Date "2012.11.24"]
[Round "-"]
[White "gigimatto"]
[Black "brunoadriano"]
[Result "0-1"]
[WhiteElo "1323"]
[BlackElo "1443"]

1. e4 e6 2. d4 d5 3. Nc3 c5 4. Nge2 cxd4 5. Nxd4 Nc6 6. a3 Nf6 7. f3 dxe4 8.
Nxc6 Qxd1+ 9. Kxd1 bxc6 10. fxe4 Be7 11. e5 Ng4 12. Ke2 O-O 13. Bf4 f6 14. exf6
Nxf6 15. Rd1 Nd5 16. Be5 Ba6+ 17. Kd2 Bg5+ 18. Ke1 Bxf1 19. Rxf1 Rxf1+ 20. Kxf1
Ne3+ 21. Ke2 Nxd1 22. Kxd1 Rd8+ 23. Ke2 Rd2+ 24. Kf1 Rxc2 25. Na4 Bf6 26. Bxf6
gxf6 27. Ke1 Rxg2 28. Nc5 Kf7 29. h4 Rxb2 30. Nb7 Ke7 31. Kd1 Rxb7 32. Ke2 h5
0-1

[Event "Challenge"]
[Site "http://www.queenalice.com/game.php?id=1127073"]
[Date "2012.11.30"]
[Round "-"]
[White "ElvisCarvalho"]
[Black "brunoadriano"]
[Result "1-0"]
[WhiteElo "1457"]
[BlackElo "1468"]

1. e4 e6 2. Bc4 d5 3. exd5 exd5 4. Bxd5 Qxd5 5. Qe2+ Be6 6. d3 Nf6 7. c4 Qd4 8.
Nf3 Bb4+ 9. Nbd2 Bxd2+ 10. Qxd2 O-O 11. Nxd4 Re8 12. O-O Bd7 13. b4 a6 14. Ba3
Nc6 15. Nxc6 Bxc6 16. f3 Rad8 17. Rfb1 Ba4 18. Qf4 Rxd3 19. Bc1 c6 20. c5 g6 21.
Qg5 Re2 22. Kf1 Bb5 23. Kxe2 Rd5+ 24. Ke1 Rxg5 25. Bxg5 Nd5 26. Bh6 f5 27. g4
fxg4 28. fxg4 Nc3 29. Rb3 Nd5 30. Rf3 1-0

[Event "Challenge"]
[Site "http://www.queenalice.com/game.php?id=1132924"]
[Date "2012.12.20"]
[Round "-"]
[White "Dulce"]
[Black "brunoadriano"]
[Result "0-1"]
[WhiteElo "1386"]
[BlackElo "1434"]

1. d4 e6 2. e3 d5 3. Nc3 Bd7 4. Nf3 c5 5. Ne5 cxd4 6. exd4 Nc6 7. Nxc6 Bxc6 8.
Be3 Qb6 9. Bd3 Bb4 10. O-O h6 11. a3 Bxc3 12. bxc3 Nf6 13. Rb1 Qa5 14. Bf4 Qxc3
15. g3 Qxd4 16. Bd6 Rd8 17. Bc7 Rd7 18. Qe2 Rxc7 19. Qf3 e5 20. h4 O-O 21. Rbd1
Qc5 22. Rfe1 e4 23. Bxe4 dxe4 24. Qf4 Re7 25. Kg2 Rfe8 26. Rd2 e3+ 27. Kh3 exd2
28. Qxd2 Rxe1 29. Kh2 Rh1# 0-1

[Event "Challenge"]
[Site "http://www.queenalice.com/game.php?id=1133916"]
[Date "2012.12.24"]
[Round "-"]
[White "amethystarcher"]
[Black "brunoadriano"]
[Result "0-1"]
[WhiteElo "1462"]
[BlackElo "1472"]

1. e4 e6 2. d4 d5 3. Nc3 c5 4. Nge2 cxd4 5. Nxd4 Qb6 6. Bb5+ Nc6 7. Be3 Bb4 8.
Nxe6 Qxb5 9. a4 Bxc3+ 10. bxc3 Qc4 11. Nc7+ Ke7 12. Nxa8 Qxc3+ 13. Bd2 Qc4 14.
Qe2 Qxe2+ 15. Kxe2 Nd4+ 16. Kd3 Nc6 17. Nc7 dxe4+ 18. Kxe4 Nf6+ 19. Ke3 Ng4+ 20.
Kf4 f6 21. Nd5+ Kf7 22. Rae1 Rd8 23. c4 Nxf2 24. Bb4 Nd3+ 25. Ke3 Nxe1 26. Rxe1
Re8+ 27. Kd2 Rxe1 28. Kxe1 Nxb4 29. Nxb4 a5 30. Nd5 Bd7 31. Nc3 Bc6 32. Kd2 Bxg2
33. c5 Ke6 34. Kd3 f5 35. Ne2 Bf1 36. h4 Bxe2+ 37. Kxe2 Kd5 38. Ke3 Kxc5 39. Kf4
g6 40. Kg5 b5 41. Kh6 bxa4 42. Kxh7 a3 43. Kxg6 a2 44. Kxf5 a1=Q 45. h5 Qg7 46.
Kf4 Qh6+ 47. Kg4 Kd4 48. Kh4 Ke4 49. Kg4 a4 0-1

[Event "Challenge"]
[Site "http://www.queenalice.com/game.php?id=1134221"]
[Date "2012.12.25"]
[Round "-"]
[White "brunoadriano"]
[Black "Narizinho"]
[Result "0-1"]
[WhiteElo "1485"]
[BlackElo "1373"]

1. e4 Nc6 2. Nf3 Nf6 3. Nc3 e6 4. d4 Bb4 5. Bg5 Bxc3+ 6. bxc3 d5 7. e5 O-O 8.
Bd3 Bd7 9. h3 a5 10. exf6 a4 11. fxg7 Kxg7 12. Bxd8 Rfxd8 13. Qe2 f5 14. Ne5
Nxe5 15. Qxe5+ Kf7 16. Qxc7 f4 17. Qxf4+ Ke7 18. Bxh7 e5 19. Qxe5+ Kf8 0-1

[Event "Challenge"]
[Site "http://www.queenalice.com/game.php?id=1139553"]
[Date "2013.1.11"]
[Round "-"]
[White "gigimatto"]
[Black "brunoadriano"]
[Result "0-1"]
[WhiteElo "1394"]
[BlackElo "1461"]

1. e4 e6 2. d4 d5 3. f3 dxe4 4. fxe4 Qh4+ 5. g3 Qxe4+ 6. Qe2 Qxh1 7. Qg2 Qxg2 8.
Bxg2 Nf6 9. Bf3 Nd5 10. c3 Bd6 11. Bd2 Nc6 12. Ne2 Bd7 13. a3 Na5 14. Nc1 Nc4
15. Nb3 O-O-O 16. Bg5 f6 17. Bc1 Nde3 18. Be2 Nc2+ 19. Kf2 Nxa1 20. Bxc4 Nxb3
21. Bxb3 e5 22. dxe5 Bxe5 23. Be3 g5 24. Bxa7 b6 25. Nd2 Kb7 26. Bxb6 cxb6 27.
Bd5+ Bc6 28. Bxc6+ Kxc6 29. Ne4 h5 30. Nxf6 Rhf8 31. Ke3 Rxf6 32. Ke4 Bc7 0-1

[Event "Challenge"]
[Site "http://www.queenalice.com/game.php?id=1144788"]
[Date "2013.1.24"]
[Round "-"]
[White "brunoadriano"]
[Black "dejami"]
[Result "1-0"]
[WhiteElo "1536"]
[BlackElo "1603"]

1. e4 e5 2. Nf3 f6 3. Nxe5 fxe5 4. Bc4 Nf6 5. d3 d6 6. O-O Bg4 7. f3 Bd7 8. Nc3
b5 9. Bb3 a5 10. a3 Nc6 11. Nxb5 Ne7 12. Nc3 a4 13. Ba2 Qb8 14. b3 Qb6+ 15. Kh1
Qc5 16. Qe1 Ng6 17. b4 Qd4 18. Be3 Qxe3 19. Qxe3 Nf4 20. g3 Ne6 21. Bxe6 Bxe6
22. Ne2 Be7 23. f4 Ng4 24. Qf3 O-O 25. c4 Rf6 26. f5 Nh6 27. Qh5 Bf7 28. Qh3 Rb8
29. Nc3 Be8 30. Nd5 Bd8 31. Nxf6+ Bxf6 32. g4 Nf7 33. Qg3 h6 34. h4 g5 35. hxg5
Nxg5 36. Kg2 1-0

[Event "Challenge"]
[Site "http://www.queenalice.com/game.php?id=1144789"]
[Date "2013.1.24"]
[Round "-"]
[White "Tunico"]
[Black "brunoadriano"]
[Result "0-1"]
[WhiteElo "1373"]
[BlackElo "1495"]

1. e4 e6 2. d4 d5 3. e5 c5 4. b3 cxd4 5. Qxd4 Nc6 6. Bb5 Qa5+ 7. Nc3 Bb4 8. Ne2
Qxb5 9. Qg4 g6 10. a3 Bxc3+ 11. Nxc3 Qb6 12. Be3 Qc7 13. Nb5 Qxe5 14. O-O Nf6
15. Qg5 Qxg5 16. Bxg5 Ne4 17. Be3 O-O 18. Bh6 Rd8 19. h3 Rd7 20. Be3 a6 21. Nd4
Re7 0-1

[Event "Challenge"]
[Site "http://www.queenalice.com/game.php?id=1144790"]
[Date "2013.1.24"]
[Round "-"]
[White "brunoadriano"]
[Black "Thorn985"]
[Result "1-0"]
[WhiteElo "1514"]
[BlackElo "1551"]

1. e4 c5 2. c3 d5 3. exd5 Qxd5 4. d4 Nf6 5. Nf3 e6 6. Nbd2 Nc6 7. Bc4 Qh5 8. O-O
e5 9. Nxe5 Nxe5 10. Qxh5 Nxc4 11. Qe2+ Be6 12. Nxc4 b5 13. Ne5 c4 14. Bg5 Be7
15. Nc6 h6 16. Nxe7 Kxe7 17. Bxf6+ gxf6 18. d5 Rhd8 19. dxe6 fxe6 20. Rfe1 Rd6
21. Rad1 Rad8 22. Rxd6 Rxd6 23. Qe3 a6 24. Qxh6 e5 25. Qh4 a5 26. Rxe5+ Re6 27.
Rxe6+ Kxe6 28. Qe4+ Kf7 29. Qd5+ Kg6 30. Qxb5 1-0